000 00445nam a2200181Ia 4500
001 14583
005 20260306164925.0
008 260306t2013||||xx |||||||||||||| ||spa||
041 _aESP
082 _a515.33
_bL81
100 _aLoa, Gabriel
_eAUT
245 0 _aCálculo diferencial:
_bcon aplicaciones en la vida diaria, pasito a pasito
260 _c2013
300 _a
_c
650 _aGEN
654 _aCMA
942 _cLIB
_dJUS
_fJUS
_2ddc
_n
999 _c14583
_d14583